| 000 | 00379nam a2200145Ia 4500 | ||
|---|---|---|---|
| 008 | 240624s9999 xx 000 0 und d | ||
| 041 | _aeng | ||
| 082 | _a425 MED | ||
| 100 | _aMEDWELL JANE | ||
| 245 | _aPRIMARY ENGLISH KNOWLEDGE AND UNDERSTAND | ||
| 250 | _a(6th ed.) | ||
| 260 |
_c2012 _aLondon _bSage Publications |
||
| 300 | _avii, : 232 : p. : cm. ; 25 | ||
| 365 |
_cGBP _b38 |
||
| 999 |
_c21644 _d21644 |
||